Подробности
| 000 -МАРКЕР |
| контрольное поле |
03297ncm0a2200409 4500 |
| 001 - ИДЕНТИФИКАТОР ЗАПИСИ |
| контрольное поле |
RU\NLR\ONIZ\212462 |
| 005 - ИДЕНТИФИКАТОР ВЕРСИИ |
| контрольное поле |
20250624195737.0 |
| 035 ## - ДРУГИЕ СИСТЕМНЫЕ НОМЕРА |
| Идентификатор записи |
(NLR Aleph) 010891982 |
| 100 ## - ДАННЫЕ ОБЩЕЙ ОБРАБОТКИ |
| Данные общей обработки |
20150808d2004 |||y0rusy50 ca |
| 101 0# - ЯЗЫК РЕСУРСА |
| Язык текста, звукозаписи и т.д. |
русский |
| 102 ## - СТРАНА ПУБЛИКАЦИИ ИЛИ ПРОИЗВОДСТВА |
| Страна публикации |
Российская Федерация |
| 125 ## - ПОЛЕ КОДИРОВАННЫХ ДАННЫХ: ЗВУКОЗАПИСИ И НОТНЫЕ ИЗДАНИЯ |
| Форма изложения нотного текста |
ax |
| 200 1# - ЗАГЛАВИЕ И СВЕДЕНИЯ ОБ ОТВЕТСТВЕННОСТИ |
| Основное заглавие |
Фортепианная миниатюра в зарубежной музыке |
| Общее обозначение материала |
Ноты |
| Параллельное заглавие |
Piano miniature in foreign music |
| Обозначение и номер части |
Вып. 2 |
| Первые сведения об ответственности |
Сост. Л. Костромитина, Е. Борисова |
| Язык параллельного заглавия |
английский |
| 210 ## - ПУБЛИКАЦИЯ, РАСПРОСТРАНЕНИЕ И ДР. |
| Место издания, распространения и т.д. |
Санкт-Петербург |
| Имя издателя, распространителя и т. д. |
Гармония |
| Дата издания, распространения и т.д. |
2004 |
| 215 ## - ФИЗИЧЕСКАЯ ХАРАКТЕРИСТИКА |
| Специфическое обозначение материала и объем |
36 с. |
| Размеры |
29 см |
| 327 1# - ПРИМЕЧАНИЯ О СОДЕРЖАНИИ |
| Текст примечания |
1. Песня без слов : [Es-dur : op. 67 № 1] = Song without words / Ф. Мендельсон. |
| -- |
2. Желание = Desire / Ф. Шопен - Ф. Лист. |
| -- |
3. Прелюдия = Prelude / Д. Гершвин. |
| -- |
4. Грёзы = Revery / Р. Шуман. |
| -- |
5. Утешение = Consolation / Ф. Лист. |
| -- |
6. Интермеццо = Interlude : [As-dur] / И. Брамс. |
| -- |
7. Порыв = Soaring / Р. Шуман |
| 464 #0 - АНАЛИТИЧЕСКИЙ УРОВЕНЬ |
| Встроенное поле |
2001#$aПесня без слов$e[Es-dur$eop. 67 № 1]$dSong without words$fФ. Мендельсон$zeng |
| -- |
215##$aС.3-5 |
| -- |
701#1$9z01790$aМендельсон-Бартольди$bФ.$gФеликс$f1809-1847$4070$7ca |
| -- |
790#1$9z01701$aMendelssohn$bF.$gFelix$f1809-1847$4070$7ba |
| Заглавие |
Песня без слов |
| 464 #0 - АНАЛИТИЧЕСКИЙ УРОВЕНЬ |
| Встроенное поле |
2001#$aЖелание$dDesire$zeng$fФ. Шопен - Ф. Лист |
| -- |
215##$aС.6-14 |
| -- |
701#1$9z01790$aШопен$bФ.$gФридерик$f1810-1849$4230 |
| -- |
790#1$9z01701$aChopin$bF.$gFrédérik$f1810-1849$4230 |
| Заглавие |
Желание |
| 464 #0 - АНАЛИТИЧЕСКИЙ УРОВЕНЬ |
| Встроенное поле |
2001#$aПрелюдия$dPrelude$zeng$fД. Гершвин |
| -- |
215##$aС.15-18 |
| -- |
701#1$9z01790$aГершвин$bД.$gДжордж$f1898-1937$4070$7ca |
| -- |
790#1$9z01701$aGershwin$bG.$gGeorge$f1898-1937$4070$7ba |
| Заглавие |
Прелюдия |
| 464 #0 - АНАЛИТИЧЕСКИЙ УРОВЕНЬ |
| Встроенное поле |
2001#$aГрёзы$dRevery$zeng$fР. Шуман |
| -- |
215##$aС.19 |
| -- |
701#1$9z01790$aШуман$bР.$gРоберт$f1810-1856$4070$7ca |
| -- |
790#1$9z01701$aSchumann$bR.$gRobert$f1810-1856$4070$7ba |
| Заглавие |
Грёзы |
| 464 #0 - АНАЛИТИЧЕСКИЙ УРОВЕНЬ |
| Встроенное поле |
2001#$aУтешение$dConsolation$zeng$fФ. Лист |
| -- |
215##$aС.20-22 |
| -- |
701#1$9z01790$aЛист$bФ.$gФеренц$f1811-1886$4070$7ca |
| -- |
790#1$9z01701$aLiszt$bF.$gFerenz$f1811-1886$4070$7ba |
| Заглавие |
Утешение |
| 464 #0 - АНАЛИТИЧЕСКИЙ УРОВЕНЬ |
| Встроенное поле |
2001#$aИнтермеццо$dInterlude$e[As-dur]$zeng$fИ. Брамс |
| -- |
215##$aС.23-28 |
| -- |
701#1$9z01790$aБрамс$bИ.$gИоганнес$f1833-1897$4070$7ca |
| -- |
790#1$9z01701$aBrahms$bJ.$gJohannes$f1833-1897$4070$7ba |
| Заглавие |
Интермеццо |
| 464 #0 - АНАЛИТИЧЕСКИЙ УРОВЕНЬ |
| Встроенное поле |
2001#$aПорыв$dSoaring$zeng$fР. Шуман |
| -- |
215##$aС.29-36 |
| -- |
701#1$9z01790$aШуман$bР.$gРоберт$f1810-1856$4070$7ca |
| -- |
790#1$9z01701$aSchumann$bR.$gRobert$f1810-1856$4070$7ba |
| Заглавие |
Порыв |
| 686 ## - ИНДЕКСЫ ДРУГИХ КЛАССИФИКАЦИЙ |
| Индекс |
Щ954.2-058я43(4) |
| Издание |
LBC/SL |
| Код системы |
|
| 702 #1 - ИМЯ ЛИЦА - ВТОРИЧНАЯ ОТВЕТСТВЕННОСТЬ |
| Системный номер авторитетной/нормативной записи |
z01790 |
| Начальный элемент ввода |
Костромитина |
| Часть имени, кроме начального элемента ввода |
Л. В. |
| Расширение инициалов личного имени |
Людмила Владимировна |
| Код отношения |
Редактор |
| 702 #1 - ИМЯ ЛИЦА - ВТОРИЧНАЯ ОТВЕТСТВЕННОСТЬ |
| Системный номер авторитетной/нормативной записи |
z02790 |
| Начальный элемент ввода |
Борисова |
| Часть имени, кроме начального элемента ввода |
Е. |
| Код отношения |
Редактор |
| 790 #1 - ИМЯ ЛИЦА - АЛЬТЕРНАТИВНАЯ ФОРМА |
| Системный номер авторитетной/нормативной записи |
z01702 |
| Начальный элемент ввода |
Kostromitina |
| Часть имени, кроме начального элемента ввода |
L. V. |
| Расширение инициалов личного имени |
Lyudmila Vladimirovna |
| Код отношения |
Редактор |
| 790 #1 - ИМЯ ЛИЦА - АЛЬТЕРНАТИВНАЯ ФОРМА |
| Системный номер авторитетной/нормативной записи |
z02702 |
| Начальный элемент ввода |
Borisova |
| Часть имени, кроме начального элемента ввода |
E. |
| Код отношения |
Редактор |
| 801 #0 - ИСТОЧНИК ЗАПИСИ |
| Страна |
Российская Федерация |
| Организация |
NLR |
| Дата составления |
20150808 |
| Правила каталогизации |
PSBO |
| 801 #1 - ИСТОЧНИК ЗАПИСИ |
| Страна |
Российская Федерация |
| Организация |
NLR |
| Дата составления |
20150808 |
| Источник данных |
rusmarc |
| 801 #2 - ИСТОЧНИК ЗАПИСИ |
| Страна |
Российская Федерация |
| Организация |
NLR |
| Дата составления |
20151106 |
| 852 ## - МЕСТОНАХОЖДЕНИЕ И ШИФР ХРАНЕНИЯ |
| Идентификатор организации |
NLR |
| Наименование фонда или коллекции (Sub-Location Identifier) |
М |
| Шифр хранения (Call Number) |
К-3/26216(2) |
| Страна |
|
| Номер экземпляра |
1 |
| 942 ## - ДОПОЛНИТЕЛЬНЫЕ ЭЛЕМЕНТЫ ЗАПИСИ (АБИС) |
| Тип экземпляра АБИС |
Ноты |
| 980 ## - КОЛЛЕКЦИЯ |
| Название коллекции |
Национальная библиография |
| 980 ## - КОЛЛЕКЦИЯ |
| Название коллекции |
Отдел нот и звукозаписей |